=LDR 00000nam 2200000 4500 =001 000715 =005 20250711032445 =035 ##$$a 0010-0725000583 =007 ta =008 250711################a##########0#ind## =020 ##$$a 978-602-437-774-8 =082 ##$$a 398.209 598 =084 ##$$a 398.209 598 ILY s =100 #$$a Ilyana sariyatul =245 1#$$a Sepatu roda noya /$c Sariyatul ilyana =250 ##$$a Cetakan pertama =260 ##$$a Rawamangun :$b Badan pengembangan dan pusat bahasa,$c 2023 =300 ##$$a 24 hlm. : $b Ilus. ; $c 21 cm. =650 #4$$a Cerita anak-indonesia =650 #4$$a Kesustraan anak =990 ##$$a TBM04900490